000
00310 a2200121 4500
000
nam a22 7a 4500
005
20260212155629.0
020
_a
9788197897849 (hbk)
100
_a
Sumaira Ejaz
_9
1115458
245
_a
Muneer niyazi: shakhs aur shair
260
_b
Matterlink Publishers
_c
2025
942
_c
TB
999
_c
1679460
_d
1679460